000
00330nam a2200145Ia 4500
008
090124s9999 xx 000 0 und d
082
_b
134366
245
_a
झेन
250
_a
1
260
_b
पांडे सुरुचि
_c
2006
300
_a
180
630
_a
झेन
730
_a
झेन
942
_c
BOOK
999
_c
197404
_d
197404